La erosión desgasta a Cuba / (Record no. 10632)
[ view plain ]
| 000 -CABECERA | |
|---|---|
| campo de control de longitud fija | 00705cam a2200217 a 4500 |
| 001 - NÚMERO DE CONTROL | |
| campo de control | 000010890 |
| 005 - FECHA Y HORA DE LA ÚLTIMA TRANSACCIÓN | |
| campo de control | 20200929162319.0 |
| 008 - DATOS DE LONGITUD FIJA--INFORMACIÓN GENERAL | |
| campo de control de longitud fija | 750808s1968 cu a 000 0 spa |
| 040 ## - FUENTE DE LA CATALOGACIÓN | |
| Centro catalogador/agencia de origen | DO-SdBNP |
| Lengua de catalogación | spa |
| Centro/agencia transcriptor | DLC |
| Centro/agencia modificador | BNPHU |
| 082 ## - NÚMERO DE LA CLASIFICACIÓN DECIMAL DEWEY | |
| Número de clasificación | 551.3 |
| Número de documento/Ítem | N889e |
| 049 ## - FONDOS LOCALES (OCLC) | |
| Fondos de biblioteca | BNGR |
| 100 1# - ENTRADA PRINCIPAL--NOMBRE DE PERSONA | |
| Nombre de persona | Núñez Jiménez, Antonio, |
| Fechas asociadas al nombre | 1923-1998. |
| 9 (RLIN) | 12579 |
| 245 13 - MENCIÓN DE TÍTULO | |
| Título | La erosión desgasta a Cuba / |
| Mención de responsabilidad, etc. | Antonio Núñez Jiménez. |
| 260 ## - PUBLICACIÓN, DISTRIBUCIÓN, ETC. | |
| Lugar de publicación, distribución, etc. | La Habana, (Cuba) : |
| Nombre del editor, distribuidor, etc. | Instituto del Libro, |
| Fecha de publicación, distribución, etc. | 1968. |
| 300 ## - DESCRIPCIÓN FÍSICA | |
| Extensión | 79 p. : |
| Otras características físicas | il. ; |
| Dimensiones | 19 cm. |
| 490 1# - MENCIÓN DE SERIE | |
| Mención de serie | Cuadernos populares |
| 650 #4 - PUNTO DE ACCESO ADICIONAL DE MATERIA--TÉRMINO DE MATERIA | |
| Término de materia o nombre geográfico como elemento de entrada | Erosión |
| Subdivisión geográfica | Cuba |
| 9 (RLIN) | 26255 |
| 650 #4 - PUNTO DE ACCESO ADICIONAL DE MATERIA--TÉRMINO DE MATERIA | |
| Término de materia o nombre geográfico como elemento de entrada | Conservación del suelo |
| Subdivisión geográfica | Cuba |
| 9 (RLIN) | 26256 |
| 830 #4 - PUNTO DE ACCESO ADICIONAL DE SERIE-TÍTULO UNIFORME | |
| Título uniforme | Cuadernos populares |
| 9 (RLIN) | 26257 |
| 910 ## - DATOS DE OPCIÓN DEL USUARIO (OCLC) | |
| Datos de opción del usuario | Catalogación por copia / LC |
| Estado de retiro | Estado de pérdida | Restricciones de uso | No para préstamo | Código de colección | Localización permanente | Ubicación/localización actual | Ubicación en estantería | Fecha de adquisición | Número de inventario | Total de préstamos | Signatura topográfica completa | Código de barras | Fecha visto por última vez | Precio válido a partir de | Tipo de ítem Koha |
|---|---|---|---|---|---|---|---|---|---|---|---|---|---|---|---|
| Préstamo interno | Monografías: Libros y Folletos | General | General | En catalogación | 12.10.2009 | LF1 | 551.3 N889e | 10890-10 | 25.06.2020 | 25.06.2020 | Préstamo interno |
